Characters by Nickname - Statistics

General Stats
  • This quiz has been taken 32 times
  • The average score is 5 of 5
Answer Stats
Hint Answer % Correct
Indiana Henry Jones Jr.
100%
Wall Crawler Spider-Man
96%
Mad Dog Buford Tannen
92%
Mac R.J MacReady
92%
Verbal Roger kint
83%
No matching quizzes found
Score Distribution
Percent of People with Each Score
Percentile by Number Answered
Your Score History
You have not taken this quiz